logo

Bir Sreshtho Munshi Abdur Rouf Library
Jhenaidah Cadet College

Social implications of biological education / (Record no. 7802)

MARC details
000 -LEADER
fixed length control field 01054cam a2200265 4500
001 - CONTROL NUMBER
JCCL Control Number 7802
003 - CONTROL NUMBER IDENTIFIER
JCCL marc code BD-JhCC
005 - DATE AND TIME OF LATEST TRANSACTION
control field 20231115100732.0
008 - FIXED-LENGTH DATA ELEMENTS--GENERAL INFORMATION
fixed length control field 701216s1970 dcu b 100 0 eng
035 ## - SYSTEM CONTROL NUMBER
system control number (BD-JhCC)7802
040 ## - CATALOGING SOURCE
Original cataloging agency DLC
Transcribing agency DLC
Modifying agency DLC
-- BD-JhCC
041 ## - LANGUAGE CODE
Language code of Book eng
050 00 - LIBRARY OF CONGRESS CALL NUMBER
Classification number QH315
Item number .S727
082 00 - DEWEY DECIMAL CLASSIFICATION NUMBER
Classification number 301.2/4
245 00 - TITLE STATEMENT
Title Social implications of biological education /
Statement of responsibility, etc Arnold B. Grobman, editor.
260 ## - PUBLICATION, DISTRIBUTION, ETC. (IMPRINT)
Place of publication, distribution, etc Washington,
Name of publisher, distributor, etc National Association of Biology Teachers
Date of publication, distribution, etc [1970]
300 ## - PHYSICAL DESCRIPTION
Pagination 134 p.
Dimensions 23 cm.
500 ## - GENERAL NOTE
General note Papers from a symposium sponsored by the Social Implications of Biological Education Committee of the National Association of Biology Teachers at the second annual convention of NABT in Philadelphia, Oct. 1969.
504 ## - BIBLIOGRAPHY, ETC. NOTE
Bibliography, etc Bibliography: p. 131-134.
650 #0 - SUBJECT ADDED ENTRY--TOPICAL TERM
Topical term or geographic name as entry element Biology
General subdivision Study and teaching.
700 1# - ADDED ENTRY--PERSONAL NAME
Personal name Grobman, Arnold B.
Fuller form of name (Arnold Brams),
Dates associated with a name 1918-
710 2# - ADDED ENTRY--CORPORATE NAME
Corporate name or jurisdiction name as entry element National Association of Biology Teachers.
Subordinate unit Committee on Social Implications of Biological Education.
942 ## - ADDED ENTRY ELEMENTS (KOHA)
Source of classification or shelving scheme Dewey Decimal Classification
Koha item type Books
Holdings
Source of classification or shelving scheme Damaged status Not for loan Home library Current library Shelving location Date of accession Full call number Barcode Date last seen Copy number Method of acquisition Koha item type
Dewey Decimal Classification     JCC Rouf Library JCC Rouf Library General Stacks 11/15/2023 301.24 GRO 1970 1008 02/14/2018 C - 1 Purchase Books

JCC Library | Contacts | JCC Home

Last Update on 23 September 2017
Copyright @ 2017-2020 JCC Rouf Library
Rouf Library, Jhenidah Cadet College (JCC), Bangladesh